Flow through open channels (Record no. 11092)

000 -LEADER
fixed length control field 00492nam a22001937a 4500
001 - CONTROL NUMBER
control field 11092
003 - CONTROL NUMBER IDENTIFIER
control field BD-DhUET
008 - FIXED-LENGTH DATA ELEMENTS--GENERAL INFORMATION
fixed length control field 150214b xxu||||| |||| 00| 0 eng d
040 ## - CATALOGING SOURCE
Original cataloging agency DLC
Transcribing agency DLC
Modifying agency BD-DhUET
082 ## - DEWEY DECIMAL CLASSIFICATION NUMBER
Classification number 627.01
Item number RAJ/1981
100 ## - MAIN ENTRY--PERSONAL NAME
Personal name Raju, K G Ranga
245 ## - TITLE STATEMENT
Title Flow through open channels
250 ## - EDITION STATEMENT
Edition statement Ist ed.
260 ## - PUBLICATION, DISTRIBUTION, ETC. (IMPRINT)
Place of publication, distribution, etc. New Delhi
Name of publisher, distributor, etc. Tata Mcgraw Hill
Date of publication, distribution, etc. 1981
300 ## - PHYSICAL DESCRIPTION
Extent x, 330p.
Other physical details illus.
504 ## - BIBLIOGRAPHY, ETC. NOTE
Bibliography, etc Includes bibliographies
650 #0 - SUBJECT ADDED ENTRY--TOPICAL TERM
Topical term or geographic name as entry element Open channel flow
942 ## - ADDED ENTRY ELEMENTS (KOHA)
Koha item type General Book
Holdings
Koha date last seen Location (home branch) Copy number Koha issues (times borrowed) Source of classification or shelving scheme Shelving location Withdrawn status Lost status Damaged status Koha normalized classification for sorting Koha date last borrowed Sublocation or collection (holding branch) Price effective from Koha item type Date acquired Piece designation (barcode) Koha full call number Not for loan
2017-05-27Central Library, BUET1  Circulation section   627_010000000000000_RAJ_1981 Central Library, BUET2015-02-14General Book2015-02-1457607627.01/RAJ/1981 
2015-02-23Central Library, BUET2  Circulation section   627_010000000000000_RAJ_1981 Central Library, BUET2015-02-23General Book2015-02-2356714627.01/RAJ/1981 
2018-02-03Central Library, BUET31 Circulation section   627_010000000000000_RAJ_19812018-01-27Central Library, BUET2015-02-23General Book2015-02-2356715627.01/RAJ/1981 
2025-04-22Central Library, BUET41 Circulation section   627_010000000000000_RAJ_19812018-07-17Central Library, BUET2015-02-23General Book2015-02-2377612627.01/RAJ/1981